Biopaliva: za jakou cenu

Bibliographic Details
Main Author: Veselý, Daniel, 1929-2000 (Author)
Format: Article
Language:Slovak
Czech
PhysicalDescription:Fotogr.
ISSN:1335-468X
Subjects:

MARC

LEADER 00000nab a2200000 ar4500
001 vtls009087025
003 SK-MaSNL
005 20260305002926.0
008 070814c2007 xo wr|p|||||||000 b|slo
015 |a SNBRB2007/08  |2 snkbucl 
040 |a SNKBUCL  |b slo  |c SNKBUCL  |e AACR2 
041 0 |a cze 
044 |a xo  |c SK 
080 |a 327:341.7  |x (73)  |2 2001 
080 |a 662.756.3 :665.3  |2 2001 
080 |a 665.3  |2 2001 
100 1 |a Veselý, Daniel,  |d 1929-2000  |4 aut  |9 14773 
245 1 0 |a Biopaliva: za jakou cenu  |c Daniel Veselý 
300 |b Fotogr. 
650 0 7 |a alternatívne palivá  |2 SNKPH  |9 103028 
650 0 7 |a diplomacia  |2 SNKPH  |9 1254 
650 0 7 |a biopalivá  |2 SNKPH  |9 20474 
651 7 |a Spojené štáty americké  |2 SNKPHgeo  |9 18262 
651 7 |a Latinská Amerika  |2 SNKPHgeo  |9 31844 
655 7 |a úvahy  |2 SNKPH  |9 29403 
773 0 |t Slovo : spoločensko-politický týždenník  |g Roč. IX, č. 28 (2007), s. 8  |x 1335-468X 
852 |a SNK  |b KIS3GCP 
958 |a US 
999 |c 3227694  |d 3229624